000
00345 a2200169 4500
001
188768
020
_a
85-7568-011-0
040
_c
Magnum
100
_a
Rocha, Ruth
240
1
0
_a
Pra que serve?
_l
por
245
1
0
_a
Pra que serve?
300
_a
64
362
0
_a
2003
440
1
_a
Salamandra
697
_a
LITERATURA JUVENIL
942
_c
BK
999
_c
188768
_d
188768